000 00916nam a2200253 a 4500
001 000045736
005 20201002052420.0
008 150508s2014 dr 000 0 spa d
040 _aDO-SdBNP
_bspa
_cBNPHU
245 0 0 _aGuía para abogados sobre aspectos jurídicos de la seguridad social /
_cNélsida Marmolejos...[et al].
260 _aSanto Domingo :
_bDIDA,
_c2014.
300 _a52 p. ;
_c28 cm.
504 _aBibliografía p: 52
710 2 _aDirección de Información y Defensa de los Afiliados a la Seguridad Social (DIDA)
_973791
700 1 2 _aMarmolejos, Nélsida
_edir.
_916080
700 1 2 _aBerroa Martich, Marlen
_973792
700 1 2 _aEncarnación, Waleska
_973793
700 1 2 _aOleaga, Maribel
_973794
700 1 2 _aMagallanes, Julissa
_973795
700 1 2 _aDesí, Edmo
_973796
700 1 2 _aSolano, Carolina
_973797
700 1 2 _aAppleton, Jaime
_973798
700 1 2 _aPerallón, Margarita
_973799
999 _c45225
_d45225